00984cam a2200265 a 450000100100000000500170001000800410002703500190006803500200008704000410010708200180014810000380016624500500020426000930025430000200034749000390036750000120040665000330041865000420045183000490049391000280054204900090057095201220057999900170070100001801820200929165323.0880211s1951 ve 000 p spa d a(DLC) 56057408 a(OCoLC)17464423 aDO-SdBNPbspacMUdOCoLCdDLCdBNPHU aV861.4bA714p1 aAristeguieta, Jean,d1925-93803114aLas puertas del secreto /cJean Aristeguieta. aCaracas, :bAsociacion Cultural Interamericana :bBiblioteca Femenina Venezolana,c1951. a59 p. ;c24 cm.0 aBiblioteca Femenina Venezolanav15 aPoemas. 4aPoesías venezolanas939065 4aLiteratura venezolanaySIGLO XX99777 0aBiblioteca Femenina Venezolana ;v15.939066 aCatalogación derivada aBNGR 001054708MOaGRbGRcCTd2010-04-09iLF1l0oV861.4 A714pp18018-10r2020-06-25w2020-06-25y4ZPréstamo en sala c17540d17540